BIBLIOTHÈQUE DE LA MAISON DU MEXIQUE

Logo 1 Logo 2

Cristianismo primitivo y paideia griega (notice nᵒ 12394)

détails MARC
000 -Sello discográfico
campo de control de longitud fija 01092nam a2200337 4500
005 - Identificación de versión
campo de control 20251016083659.0
035 ## - Otros números de control del sistema
Número de control del sistema 6181
099 ## - fechas locales
Tipo de ítem Koha LIBRO
100 ## - Datos de procesamiento general
Datos de procesamiento general 19930801d1965 m y1spay5003 ba
101 1# - Idioma del recurso
Idioma del texto, banda sonora, etc. Español; Castellano
Idioma de la obra original Inglés
105 ## - Campo de datos codificados: Material textual, monográfico
Datos codificados de monografía y 001zy
200 1# - Título y mención de responsabilidad
Título propio Cristianismo primitivo y paideia griega
Designación general del material texto impreso
Primer mención de responsabilidad Werner Jaeger
Declaración de responsabilidad subsiguiente traducción de Elsa Cecilia Frost
205 ## - Declaración de edición
Declaración de edición 1a ed
210 ## - Publicación, distribución, etc.
Lugar de publicación, distribución, etc. México
Nombre del editor, distribuidor, etc. Fondo de Cultura Económica
Fecha de publicación, distribución, etc. 1965
215 ## - Descripción física
Designación de material específico y extensión del ítem 149 p
Dimensiones 17 cm
300 ## - Notas generales
Texto de la nota Incluye índice de nombres y obras
345 ## - Nota de información de adquisición
Fuente de adquisición/dirección de la suscripción [OBSOLETO] Donación
410 #1 - Series
Título Breviarios del Fondo de Cultura Económica
Número de volumen 182
454 #1 - Traducción de
Título Early Christianity and Greek Paideia
606 ## - Término temático usado como materia
Elemento de entrada Cristianismo y otras religiones
Número Koha 19072
606 ## - Término temático usado como materia
Elemento de entrada Religión
Número Koha 7559
700 ## - Nombre personal - Responsabilidad primaria
Elemento de entrada Jaeger
Parte del nombre distinta del elemento de entrada Werner
Fechas 1888-1961
Número Koha 19007
702 ## - Nombre personal - Responsabilidad secundaria
Elemento de entrada Frost del Valle
Parte del nombre distinta del elemento de entrada Elsa Cecilia
Fechas 1929-2005
Número Koha 444
801 #0 - Fuente de origen
Agencia cm
900 ## -
-- 1/9226
900 ## -
-- 710934886\\010893
942 ## - ELEMENTOS DE ENTRADA SECUNDARIOS (KOHA)
Tipo de ítem Koha Livre
996 ## -
-- MEX
-- 751145101
-- MMAG
-- 004649
-- 082.1 B846 V.182
-- 20210422LIV
Exemplaires
Estatus retirado Estado de daño Estado de pérdida Fecha de adquisición Biblioteca de origen Biblioteca actual Ubicación en estantería Código de barras Precio de reemplazo Signatura topográfica completa No para préstamo Tipo de ítem Koha Nota pública Nota no pública
      05/08/2025 Casa México Paris Casa México Paris   004649 05/08/2025 082.1 B846 V.182   Livre 20210422LIV 751145101